Statistics for Fictional Characters with Alliterative Names #1

Click here to take the quiz!

General Stats

  • This quiz has been taken 35,033 times
    (22,736 since last reset)
  • The average score is 15 of 23

Answer Stats

ClueCharacter% Correct
PSpidermanPeter Parker
93%
WChocolate factory ownerWilly Wonka
93%
KGiant gorillaKing Kong
92%
BWhat's up, doc?Bugs Bunny
91%
BFamous hobbitBilbo Baggins
89%
DHis nephews are Huey,
Dewey, and Louie
Donald Duck
84%
LLove interest of Clark KentLois Lane
84%
RCartoon character that
was "framed"
Roger Rabbit
81%
FBedrock residentFred Flintstone
80%
LSuperman's arch-enemyLex Luthor
80%
OPopeye's love interestOlive Oyl
76%
PTh-th-th-that's all folks!Porky Pig
74%
WShe had a truth lassoWonder Woman
73%
SDefense against the dark
arts teacher
Severus Snape
71%
LSpacy Hogwarts studentLuna Lovegood
63%
BFlapper cartoon with huge eyesBetty Boop
60%
TGod bless us, every one!Tiny Tim
54%
PAnimated cat named for a
Peter Sellers movie
Pink Panther
47%
MHere he comes to
save the day
Mighty Mouse
40%
S"American Pie" characterSteve Stifler
38%
RMister FantasticReed Richards
30%
C"Cheers" postal workerCliff Clavin
29%
LLove interest of Clark KentLana Lang
25%

Score Distribution

Percentile by Number Answered

Percent of People with Each Score

Your Score History

You have not taken this quiz since the last reset